South American Capitals in Alphabetical Order - Statistics

General Stats
  • This quiz has been taken 38 times
  • The average score is 12 of 13
Answers on the Map
Answers color-coded by a green-red scale on the quiz's map according to % correct below.
 
Answer Stats
Answer % Correct
Bogotá
100%
Brasilia
100%
Buenos Aires
100%
Caracas
100%
Asunción
96%
La Paz
96%
Georgetown
92%
Lima
92%
Montevideo
92%
Quito
92%
Santiago
92%
Sucre
92%
Paramaribo
83%
No matching quizzes found
Score Distribution
Percent of People with Each Score
Percentile by Number Answered
Your Score History
You have not taken this quiz